000 00804nam a22002175i 4500
001 168888
003 ES-MaACL
005 20250522063049.0
008 080619s1906 fr |||| | fre d
080 _a782.089.6
080 _a783.3
100 1 _aMassenet, Jules,
_d1842-1912
_9240595
245 1 0 _aMarie-Magdeleine [
_hmúsica impresa]
_b: drame sacré en 3 actes et 4 parties /
_cde Louis Gallet ; musique de J. Massenet.
260 _aParis :
_bHeugel et Cie.,
_c[1906]
300 _a1 partitura vocal (167 p.) ;
_c28 cm.
650 1 4 _aÓperas-
_xPartituras vocales.
_9137997
650 4 _aMúsica escénica-
_xPartituras vocales.
_9138018
700 1 _aGallet, Louis.
_953608
852 4 _aES-MaACL
_jL-29328
_9R.141094
_zBiblioteca Jacinto Martínez Lacalle
999 _c168888
_d168888